Gaming Quiz

Random Gaming or Pokémon Quiz

A name pokemon Quiz Stats

 Plays Quiz not verified by Sporcle

Challenge
Share
Tweet
Embed
Score 0/33 Timer 10:00
0 Plays Today
Hint Answer % Correct
#63Abra
95.3%
#65Alakazam
93.8%
#24Arbok
93.8%
#144Articuno
92.2%
#59Arcanine
90.6%
#142Aerodactyl
89.1%
#190Aipom
85.9%
#184Azumarill
84.4%
#460Abomasnow
82.8%
#306Aggron
82.8%
#424Ambipom
82.8%
#181Ampharos
82.8%
#168Ariados
82.8%
#304Aron
82.8%
#298Azurill
82.8%
#347Anorith
81.3%
#348Armaldo
81.3%
Hint Answer % Correct
#610Axew
81.3%
#482Azelf
81.3%
#566Archen
79.7%
#567Archeops
79.7%
#493Arceus
78.1%
#334Altaria
76.6%
#531Audino
76.6%
#617Accelgor
75%
#698Amaura
75%
#699Aurorus
75%
#359Absol
73.4%
#591Amoonguss
73.4%
#683Aromatisse
71.9%
#594Alomomola
70.3%
#713Avalugg
68.8%
#681Aegislash
67.2%

You're not logged in!

Compare scores with friends on all Sporcle quizzes.
Join for Free
OR
Log In

You Might Also Like...

Show Comments

Extras

Created Mar 20, 2016ReportNominate
Tags:Pokémon Quiz

Top Quizzes Today


Score Distribution

Your Account Isn't Verified!

In order to create a playlist on Sporcle, you need to verify the email address you used during registration. Go to your Sporcle Settings to finish the process.

Report this User

Report this user for behavior that violates our Community Guidelines.

Details: